000 00307nam a2200109Ia 4500
008 220204s9999 xx 000 0 und d
082 _a747
_bMOR
100 _aMorgan, Alan
245 0 _aHow to live in style: The young colour guide to modern decoration
260 _aLondon
_bLaurie Larson
_c1974
942 _cBK
999 _c30280
_d30280